El misterio del mayordomo /

Guardado en:
Autor Principal: Huidobro, Norma
Otros Autores: Canale, Melina; il.
Formato: Libro
Publicado: Buenos Aires : Norma, 2013
Edición:21a. reimp.
Series:Torre de papel. Azul
Materias:
Etiquetas: Agregar Etiqueta
Sin Etiquetas, Sea el primero en etiquetar este registro!
LEADER 00860nam a22002655a 4500
001 CEM.cems015465
008 130507s2013##################000#0#####d
005 20230623082431.0
245 1 0 |a El misterio del mayordomo /  |c Norma Huidobro ; ilustrado Por Melina Canale 
250 |a 21a. reimp. 
260 |a Buenos Aires :  |b Norma,  |c 2013 
300 |a 136 p. 
490 0 |a Torre de papel. Azul 
020 |a 9789875456259 
100 1 |a Huidobro, Norma 
700 1 |a Canale, Melina; il. 
082 0 4 |a A863.4 
653 |a Literatura 
653 |a Literatura argentina 
653 |a Literatura infantil 
653 |a Novela 
653 |a Novelas infantiles 
653 |a Colección ciencias de la educación 
859 |a CEMS  |b BIB. CEMS - Ccias. Educacion  |h A863.4  |i H876  |k CE  |p 28907.19  |t Ej.1 
859 |a CEMS  |b BIB. CEMS - Ccias. Educacion  |h A863.4  |i H876  |k CE  |p 29455.23  |t Ej.2